Real time tracking in 3D space by robotic vision /
Saved in:
| Main Author: | |
|---|---|
| Format: | Thesis |
| Language: | English |
| Published: |
Gombak, Selangor :
Kulliyyah of Engineering, International Islamic University Malaysia,
2007
|
| Subjects: | |
| Online Access: | Click here to view 1st 24 pages of the thesis. Members can view fulltext at the specified PCs in the library. |
| Tags: |
Add Tag
No Tags, Be the first to tag this record!
|
| LEADER | 022220000a22004090004500 | ||
|---|---|---|---|
| 001 | 390899 | ||
| 005 | 20230420123658.0 | ||
| 008 | 070813t2007 my a g 000 0 eng d | ||
| 035 | |a (Sirsi) 390899 | ||
| 040 | |a UIAM |b eng | ||
| 050 | 0 | 0 | |a TJ211.3 |
| 100 | 0 | |a Mohd Akram Dandu |9 61147 | |
| 245 | 1 | 0 | |a Real time tracking in 3D space by robotic vision / |c by Mohd Akram Dandu |
| 260 | |a Gombak, Selangor : |b Kulliyyah of Engineering, International Islamic University Malaysia, |c 2007 | ||
| 300 | |a xiii, 88 leaves : |b ill. ; |c 30 cm. | ||
| 336 | |2 rdacontent | ||
| 337 | |2 rdamedia | ||
| 338 | |2 rdacarrier | ||
| 500 | |a "A dissertation submitted in partial fulfillment of the requirement for the degree of Master of Science in Computer and Information Engineering." --On t.p. | ||
| 502 | |a Thesis (MSc.CIE)--International Islamic University Malaysia, 2007. | ||
| 504 | |a Includes bibliographical references (leaves 75-77). | ||
| 506 | |a Access for fulltext of thesis is provided through digital format. | ||
| 530 | |a Also available on 4 3/4 in. computer laser optical disc. | ||
| 546 | |a Abstract in English and Arabic. | ||
| 650 | 0 | |a Robot vision |9 61149 | |
| 650 | 0 | |a Computer vision |9 3699 | |
| 655 | 0 | 7 | |a Theses, IIUM local |
| 690 | 0 | |a Dissertations, Academic |x Kulliyyah of Engineering |z IIUM | |
| 710 | 2 | |a International Islamic University Malaysia. |b Kulliyyah of Engineering |9 4827 | |
| 730 | 0 | |a Real time tracking in 3D space by robotic vision |h [electronic resource] |9 61150 | |
| 856 | 4 | |u http://studentrepo.iium.edu.my/handle/123456789/5172 |z Click here to view 1st 24 pages of the thesis. Members can view fulltext at the specified PCs in the library. | |
| 900 | |a hj-ajt-hm | ||
| 942 | |2 lcc |n 0 | ||
| 999 | |c 434628 |d 465711 | ||
| 952 | |0 0 |6 LU T TJ 211.3 M697D 2007 |7 0 |8 THESES |9 751890 |a IIUM |b IIUM |c CLOSEACCES |g 0.00 |o lu t TJ 211.3 M697D 2007 |p 00011001188 |r 2017-10-25 |t 1 |v 0.00 |y THESIS | ||
| 952 | |0 0 |6 T TJ 000211.3 M697D 2007 |7 0 |8 THESES |9 753630 |a IIUM |b IIUM |c MULTIMEDIA |g 0.00 |o t TJ 211.3 M697D 2007 |p 00011274648 |r 2017-10-20 |t 1 |v 0.00 |y THESIS | ||
| 952 | |0 0 |6 TS CDF TJ 211.3 M697D 2007 |7 0 |8 THESES |9 828549 |a IIUM |b IIUM |c MULTIMEDIA |g 0.00 |o ts cdf TJ 211.3 M697D 2007 |p 11100326834 |r 2017-10-26 |t 1 |v 0.00 |y THESISDIG | ||
